Sports Quiz

Random Sports or Tennis Quiz

The best of Women's tennis in 1998 Quiz Stats

Quiz not verified by Sporcle

Challenge
Share
Tweet
Embed
Score 0/79 Timer 06:00
0 Plays Today
Hint Answer % Correct
Australian Open Singles Champion (SUI)Martina Hingis
96.3%
French Open Singles Semifinalist (SUI)Martina Hingis
96.3%
Wimbledon Singles Semifinalist (SUI)Martina Hingis
96.3%
US Open Singles Runner-up (SUI)Martina Hingis
96.3%
WTA Finals Singles Champion (SUI)Martina Hingis
96.3%
Indian Wells Champion (SUI)Martina Hingis
96.3%
Hamburg Champion (SUI)Martina Hingis
96.3%
Rome Champion (SUI)Martina Hingis
96.3%
Australian Open Doubles Champions (SUI/CRO)Martina Hingis & Mirjana Lučić
95.5%
French Open Doubles Champions (SUI/CZE)Martina Hingis & Jana Novotná
95.5%
Wimbledon Doubles Champions (SUI/CZE)Martina Hingis & Jana Novotná
95.5%
US Open Doubles Champions (SUI/CZE)Martina Hingis & Jana Novotná
95.5%
New Haven Champion (GER)Steffi Graf
95.5%
Leipzig Champion (GER)Steffi Graf
95.5%
Philadelphia Champion (GER)Steffi Graf
95.5%
Australian Open Singles Semifinalist (USA)Lindsay Davenport
94%
French Open Singles Runner-up (USA)Monica Seles
94%
French Open Singles Semifinalist (USA)Lindsay Davenport
94%
US Open Singles Champion (USA)Lindsay Davenport
94%
WTA Finals Singles Runner-up (USA)Lindsay Davenport
94%
WTA Finals Doubles Champions (USA/BLR)Lindsay Davenport & Natasha Zvereva
94%
Tokyo (Pan Pacific) Champion (USA)Lindsay Davenport
94%
Stanford Champion (USA)Lindsay Davenport
94%
San Diego Champion (USA)Lindsay Davenport
94%
Los Angeles Champion (USA)Lindsay Davenport
94%
Montréal Champion (USA)Monica Seles
94%
Tokyo (Princess Cup) Champion (USA)Monica Seles
94%
Zürich Champion (USA)Lindsay Davenport
94%
US Open Singles Semifinalist (USA)Venus Williams
93.3%
Australian Open Mixed Doubles Champions (USA/USA)Venus Williams & Justin Gimelstob
93.3%
French Open Mixed Doubles Champions (USA/USA)Venus Williams & Justin Gimelstob
93.3%
Wimbledon Mixed Doubles Champions (USA/BLR)Serena Williams & Max Mirnyi
93.3%
US Open Mixed Doubles Champions (USA/BLR)Serena Williams & Max Mirnyi
93.3%
Oklahoma City Champion (USA)Venus Williams
93.3%
Miami Champion (USA)Venus Williams
93.3%
Grand Slam Cup Champion (USA)Venus Williams
93.3%
French Open Singles Champion (ESP)Arantxa Sánchez Vicario
92.5%
Sydney Champion (ESP)Arantxa Sánchez Vicario
92.5%
Wimbledon Singles Champion (CZE)Jana Novotná
91%
US Open Singles Semifinalist (CZE)Jana Novotná
91%
Hint Answer % Correct
Linz Champion (CZE)Jana Novotná
91%
Eastbourne Champion (CZE)Jana Novotná
91%
Prague Champion (CZE)Jana Novotná
91%
Australian Open Singles Runner-up (ESP)Conchita Martínez
88.8%
Berlin Champion (ESP)Conchita Martínez
88.8%
Warsaw Champion (ESP)Conchita Martínez
88.8%
Wimbledon Singles Runner-up (FRA)Nathalie Tauziat
82.1%
WTA Finals Doubles Runners-up (FRA/FRA)Alexandra Fusai & Nathalie Tauziat
82.1%
Paris Champion (FRA)Mary Pierce
81.3%
Amelia Island Champion (FRA)Mary Pierce
81.3%
Moscow Champion (FRA)Mary Pierce
81.3%
Luxembourg Champion (FRA)Mary Pierce
81.3%
Australian Open Singles Semifinalist (GER)Anke Huber
80.6%
Fed Cup ChampionSpain
79.9%
Hopman Cup Runner-upFrance
79.9%
Hilton Head Champion (RSA)Amanda Coetzer
78.4%
Hobart Champion (SUI)Patty Schnyder
77.6%
Hannover Champion (SUI)Patty Schnyder
77.6%
Madrid Champion (SUI)Patty Schnyder
77.6%
Maria Lankowitz Champion (SUI)Patty Schnyder
77.6%
Palermo Champion (SUI)Patty Schnyder
77.6%
Wimbledon Singles Semifinalist (BLR)Natasha Zvereva
76.1%
Gold Coast Champion (JPN)Ai Sugiyama
76.1%
Tokyo (Japan Open) Champion (JPN)Ai Sugiyama
76.1%
Fed Cup Runner-upSwitzerland
70.9%
's-Hertogenbosch Champion (FRA)Julie Halard-Decugis
66.4%
Pattaya City Champion (FRA)Julie Halard-Decugis
66.4%
Bol Champion (CRO)Mirjana Lučić
65.7%
Bogotá Champion (ARG)Paola Suárez
63.4%
Auckland Champion (BEL)Dominique van Roost
62.7%
Filderstadt Champion (FRA)Sandrine Testud
61.2%
Strasbourg Champion (ROU)Irina Spîrlea
59%
Hopman Cup ChampionSlovakia
51.5%
Sopot Champion (SVK)Henrieta Nagyová
50.7%
İstanbul Champion (SVK)Henrieta Nagyová
50.7%
Budapest Champion (ESP)Virginia Ruano Pascual
50%
Boston Champion (RSA)Mariaan de Swardt
43.3%
Makarska Champion (CZE)Květa Hrdličková
38.8%
Québec City Champion (USA)Tara Snyder
32.8%

You're not logged in!

Compare scores with friends on all Sporcle quizzes.
Join for Free
OR
Log In

You Might Also Like...

Show Comments

Extras

Top Quizzes Today


Score Distribution

Your Account Isn't Verified!

In order to create a playlist on Sporcle, you need to verify the email address you used during registration. Go to your Sporcle Settings to finish the process.

Report this User

Report this user for behavior that violates our Community Guidelines.

Details: